| 000 -LEADER |
| fixed length control field |
00275nam a22001217a 4500 |
| 040 ## - CATALOGING SOURCE |
| Transcribing agency |
HS |
| 082 ## - DEWEY DECIMAL CLASSIFICATION NUMBER |
| Classification number |
338 |
| 110 ## - MAIN ENTRY--CORPORATE NAME |
| Corporate name or jurisdiction name as entry element |
UNITED NATIONS |
| 245 ## - TITLE STATEMENT |
| Title |
Safety and quality of fresh fruit and vegetable |
| 260 ## - PUBLICATION, DISTRIBUTION, ETC. (IMPRINT) |
| Place of publication |
New York |
| Name of publisher |
UNITED NATIONS |
| Year of publication |
2007 |
| 300 ## - PHYSICAL DESCRIPTION |
| Number of Pages |
111p. |
| 942 ## - ADDED ENTRY ELEMENTS (KOHA) |
| Koha item type |
សៀវភៅភាសាអង់គ្លេស |
| 952 ## - LOCATION AND ITEM INFORMATION (KOHA) |
| Withdrawn status [LOCAL, KOHA] |
0 |
| 952 ## - LOCATION AND ITEM INFORMATION (KOHA) |
| Withdrawn status [LOCAL, KOHA] |
0 |
| 952 ## - LOCATION AND ITEM INFORMATION (KOHA) |
| Withdrawn status [LOCAL, KOHA] |
0 |